Milý Jidáši... : dopisy očitým svědkům velikonočního příběhu /

Hlavní autor: Obluk, Pavel, 1962-
Jazyk: Čeština
Vydáno: V Praze : Karmelitánské nakladatelství, 2019
Témata:
Fyzický popis: 176 stran ; 16 cm
Knihy
Uloženo v:
LEADER 02173nam a2200613 i 4500
001 nkc20193078119
003 CZ PrNK
005 20190527102633.0
007 ta
008 190220s2019 xr e 000 fdcze
015 |a cnb003078119 
020 |a 978-80-7566-099-2  |q (brožováno) 
035 |a (OCoLC)1104143681 
040 |a ABA001  |b cze  |d BOA001  |e rda 
045 |a e-e- 
072 7 |a 821.162.3-3  |x Česká próza  |2 Konspekt  |9 25 
080 |a 821.162.3-3  |2 MRF 
080 |a 27-312.8  |2 MRF 
080 |a 27-312.9  |2 MRF 
080 |a 27-236.5  |2 MRF 
080 |a 2-231  |2 MRF 
080 |a 27-236  |2 MRF 
080 |a (0:82-6)  |2 MRF 
080 |a (0:82-322.2)  |2 MRF 
100 1 |a Obluk, Pavel,  |d 1962-  |7 jn20000401896  |4 aut 
245 1 0 |a Milý Jidáši... :  |b dopisy očitým svědkům velikonočního příběhu /  |c Pavel Obluk 
264 1 |a V Praze :  |b Karmelitánské nakladatelství,  |c 2019 
300 |a 176 stran ;  |c 16 cm 
336 |a text  |b txt  |2 rdacontent 
337 |a bez média  |b n  |2 rdamedia 
338 |a svazek  |b nc  |2 rdacarrier 
504 |a Obsahuje bibliografické odkazy 
648 7 |a 1. století  |7 ch460539  |2 czenas 
650 0 7 |a ukřižování Ježíše Krista  |7 ph138458  |2 czenas 
650 0 7 |a zmrtvýchvstání Ježíše Krista  |7 ph138459  |2 czenas 
650 0 7 |a biblické postavy  |7 ph118857  |y 1. století  |2 czenas 
650 0 7 |a biblické citáty  |7 ph118853  |2 czenas 
650 0 7 |a biblické parafráze  |7 ph138436  |2 czenas 
650 0 9 |a crucifixion of Jesus Christ  |2 eczenas 
650 0 9 |a resurrection of Jesus Christ  |2 eczenas 
650 0 9 |a Bible persons  |y 1st century  |2 eczenas 
650 0 9 |a Biblical quotations  |2 eczenas 
650 0 9 |a Biblical paraphrases  |2 eczenas 
655 7 |a české prózy  |7 fd133972  |2 czenas 
655 7 |a fiktivní korespondence  |7 fd132255  |2 czenas 
655 7 |a náboženské prózy  |7 fd118538  |2 czenas 
655 9 |a Czech prose  |2 eczenas 
655 9 |a imaginary letters  |2 eczenas 
655 9 |a religious prose  |2 eczenas 
910 2 |a BOA001  |b 1-1426.277 
990 |a BK 
995 |a 01 
991 |b 201904  |c NOV 
996 6 |b 2610779653  |c 1-1426.277  |l MZK  |r Sklad / do 1 hodiny  |n 0  |p p.v.  |w 001719999  |u 000010  |a 1  |e BOA001  |j MZK50  |s P